Statistiques concernant Complétez les paroles de Jean-Jacques Goldman

Cliquez ici pour prendre le quiz!

Statistiques générales

  • Ce quiz a été pris 459 fois
  • Le résultat moyen est 6 sur 12

Statistiques - réponses

ParolesSuite% Correct
J'ai pas choisi de naître ici, entre l'ignorance et __ ________ __ _ _____la violence et l'ennui
83%
Elle met du vieux pain sur son balcon pour attirer les moineaux, les pigeons, elle vit sa vie par procuration devant ___ _____ __ __________son poste de télévision
80%
Je te donne mes notes, je te donne mes mots quand ta voix les emporte _ ___ ______ _____à ton propre tempo
77%
J'ai plus l'amour, j'ai pas le temps, j'ai plus l'humour, j'sais plus _ __ _____ __ ____d'où vient le vent
63%
C'était un cordonnier, sans rien de particulier dans un village dont __ ___ _ _ _______le nom m'a échappé
56%
Elle allait à l'école au village d'en bas, elle apprenait les livres, elle _________ ___ ____apprenait les lois
54%
Oh, la ville et ses pièges, ce sont mes privilèges, je suis riche de ça ____ __ __ _ ______ ___mais ça ne s'achète pas
54%
Matin pour donner ou bien matin pour prendre, pour _______ __ ____ _________oublier ou pour apprendre
51%
Nous n'avons plus que ça au bout de notre impasse, le moment viendra ____ ________ __ _____tout changera de place
35%
Là-bas tout est neuf et tout est sauvage, libre continent, sans grillage, ici ___ _____ ____ _______nos rêves sont étroits
33%
Différent des hommes d'ici, blond et grand, le sourire éclatant _ __ ______ ________d'un prince charmant
27%
Et puisque tu penses comme une intime évidence que parfois même tout donner _ ___ ___ _________ _______n'est pas forcément suffire
26%

Distribution des résultats

Percentile par nombre de réponses

% des personnes avec chaque résultat

Votre développement - résultats

Vous n’avez pas pris ce quiz